[Event "NM for klubblag 2010"]
[Site "Drammen"]
[Date "2010.10.09"]
[Round "2"]
[Board "19"]
[White "Andreassen, Pål"]
[Black "Johansen, Paul"]
[Result "1-0"]
[WhiteElo "2007"]
[BlackElo "2023"]
[PlyCount "83"]
[EventDate "2010.??.??"]
[WhiteTeam "SOSS"]
[BlackTeam "Moss 1"]

1. e4 e5 2. Bc4 Nf6 3. Nc3 Nc6 4. f4 exf4 5. d4 Bb4 6. Qd3 O-O 7. e5 d5 8. Bb3
Ne4 9. Bxf4 Bf5 10. Qe3 Nxd4 11. Qxd4 Qh4+ 12. Bg3 c5 13. Qxb4 Qh5 14. Qxb7
Nxg3 15. hxg3 Qxh1 16. O-O-O c4 17. Ba4 Bg4 18. Nge2 Qh6+ 19. Rd2 Rad8 20. Qxa7
Bxe2 21. Nxe2 Ra8 22. Qd7 Qh1+ 23. Rd1 Qxg2 24. Nc3 Rfd8 25. Qg4 d4 26. Rxd4
Rxd4 27. Qxd4 Qxg3 28. Bc6 Qg5+ 29. Kb1 Rd8 30. Bd5 Re8 31. e6 fxe6 32. Bxc4
Kh8 33. a4 e5 34. Qc5 h5 35. Ne4 Qf4 36. Nd6 Rf8 37. Qd5 h4 38. Nf7+ Kh7 39.
Bd3+ g6 40. Nxe5 Rf6 41. Nxg6 Rxg6 42. Qh5+ 1-0

[Event "NM for klubblag 2010"]
[Site "Drammen"]
[Date "2010.10.09"]
[Round "2"]
[Board "20"]
[White "Olsen, Robin"]
[Black "Zachariassen, Bjarne"]
[Result "1/2-1/2"]
[WhiteElo "1864"]
[BlackElo "1944"]
[PlyCount "80"]
[EventDate "2010.??.??"]
[WhiteTeam "Moss 1"]
[BlackTeam "SOSS"]

1. d4 d6 2. c4 e5 3. d5 g6 4. Nc3 Bg7 5. e4 Nf6 6. Be2 O-O 7. Be3 a6 8. b4 Nbd7
9. c5 Re8 10. cxd6 cxd6 11. a4 a5 12. Qb3 axb4 13. Qxb4 Qe7 14. Bb5 Rd8 15. f3
Ne8 16. Nge2 Nc7 17. Bxd7 Na6 18. Qb6 Bxd7 19. O-O Rdc8 20. Nb5 Bf8 21. Rfc1
Qd8 22. Qxd8 Rxd8 23. Nec3 Rdc8 24. Na7 Rc4 25. Ncb5 Rxc1+ 26. Rxc1 Bxb5 27.
axb5 Nc5 28. b6 Be7 29. Kf1 Bd8 30. Bxc5 dxc5 31. Rxc5 Bxb6 32. Rc8+ Rxc8 33.
Nxc8 Bd8 34. d6 Kf8 35. d7 f6 36. Ke2 b6 37. Kd3 Kf7 38. Kc4 Ke6 39. Kb5 Kxd7
40. Nxb6+ Ke6 1/2-1/2

[Event "NM for klubblag 2010"]
[Site "Drammen"]
[Date "2010.10.09"]
[Round "2"]
[Board "21"]
[White "Sahl, Bjarke"]
[Black "Hjelmås, Lars"]
[Result "1-0"]
[WhiteElo "2345"]
[BlackElo "2248"]
[PlyCount "77"]
[EventDate "2010.??.??"]
[WhiteTeam "Asker 1"]
[BlackTeam "Drammen Tigers"]

1. d4 Nf6 2. c4 g6 3. Nc3 d5 4. Nf3 Bg7 5. cxd5 Nxd5 6. Bd2 O-O 7. e3 Nb6 8.
Be2 Be6 9. b3 a5 10. a4 Nc6 11. Ne4 Bc8 12. Bc3 Nd5 13. Bb2 b6 14. O-O Bb7 15.
Ned2 Ndb4 16. Nc4 Qd5 17. Qb1 Rad8 18. e4 Qd7 19. d5 Nb8 20. Bxg7 Kxg7 21. Qb2+
Kg8 22. Nfe5 Qe8 23. Rac1 Ba6 24. f4 f6 25. Ng4 h5 26. Nf2 Nd7 27. Rc3 Nc5 28.
Rg3 Kh7 29. Rh3 f5 30. exf5 Rxf5 31. Ne3 Rxf4 32. Bxh5 gxh5 33. Qe5 Rf6 34.
Rxh5+ Kg8 35. Nfg4 Bxf1 36. Nxf6+ exf6 37. Qg3+ Kf8 38. Rh8+ Kf7 39. Rh7+ 1-0

[Event "NM for klubblag 2010"]
[Site "Drammen"]
[Date "2010.10.09"]
[Round "2"]
[Board "22"]
[White "Breivik, Lars"]
[Black "Ekeberg, Carl Fr"]
[Result "1/2-1/2"]
[WhiteElo "2176"]
[BlackElo "2252"]
[PlyCount "98"]
[EventDate "2010.??.??"]
[WhiteTeam "Drammen Tigers"]
[BlackTeam "Asker 1"]

1. d4 Nf6 2. Nf3 g6 3. Nc3 d5 4. Bf4 Bg7 5. e3 O-O 6. Be2 Bg4 7. Ne5 Bxe2 8.
Qxe2 c6 9. h4 Nfd7 10. h5 Nxe5 11. dxe5 Qc8 12. hxg6 hxg6 13. O-O-O Qe6 14. Bh6
Nd7 15. f4 Bxh6 16. Rxh6 Kg7 17. Rhh1 f6 18. e4 Nb6 19. exd5 Nxd5 20. exf6+
Qxf6 21. Nxd5 cxd5 22. Rxd5 Qxf4+ 23. Kb1 Rf7 24. Rd7 Raf8 25. Rxe7 Rxe7 26.
Qxe7+ Rf7 27. Qe1 Qf2 28. Qe5+ Qf6 29. Qe1 Qf2 30. Qc3+ Qf6 31. Qd3 Qf2 32. Rd1
Qxg2 33. Qd4+ Kg8 34. Qxa7 Rf1 35. Qd4 Rxd1+ 36. Qxd1 g5 37. a4 g4 38. Qd8+ Kf7
39. Qd7+ Kf6 40. Qd6+ Kf5 41. Qd7+ Kf4 42. Qc7+ Ke3 43. Qc5+ Ke2 44. Qe5+ Kf1
45. Qb5+ Kg1 46. Qb6+ Kh1 47. Qh6+ Kg1 48. Qb6+ Kf1 49. Qb5+ Kg1 1/2-1/2

[Event "NM for klubblag 2010"]
[Site "Drammen"]
[Date "2010.10.09"]
[Round "2"]
[Board "23"]
[White "Aulin-Jansson, Jøran"]
[Black "Ludvigsen, Frode"]
[Result "0-1"]
[WhiteElo "2121"]
[BlackElo "2009"]
[PlyCount "104"]
[EventDate "2010.??.??"]
[WhiteTeam "Asker 1"]
[BlackTeam "Drammen Tigers"]

1. e4 e6 2. d4 d5 3. Nc3 Bb4 4. Nge2 Nf6 5. a3 Be7 6. Ng3 c5 7. dxc5 d4 8. Nb5
Nc6 9. Nd6+ Bxd6 10. cxd6 Qxd6 11. f4 e5 12. f5 h5 13. h4 Bd7 14. Bd3 O-O-O 15.
Bg5 Rdg8 16. Qf3 Be8 17. O-O-O Nd7 18. Kb1 f6 19. Bd2 Bf7 20. Ne2 Kb8 21. Rh3
Rc8 22. Nc1 Nb6 23. Qe2 a5 24. Bb5 a4 25. Na2 Na7 26. Bd3 Nc4 27. Bc1 Qc5 28.
Nb4 Nc6 29. Qe1 Nxb4 30. Qxb4 Qxb4 31. axb4 b5 32. Rg3 Rhg8 33. Be2 Kb7 34.
Rgd3 Kb6 35. g4 hxg4 36. Bxg4 Rh8 37. Rh3 Nd6 38. Bf3 Bh5 39. c3 Nxe4 40. Rg1
Bxf3 41. Rxf3 dxc3 42. Rh3 c2+ 43. Ka2 Rc7 44. Rh2 Nd6 45. Be3+ Kb7 46. Bc5
Nxf5 47. Rxc2 Rxh4 48. Rd2 Nd4 49. Rdg2 g5 50. Rf1 Rf4 51. Rh1 Nb3 52. Bf8 Rc1
0-1

[Event "NM for klubblag 2010"]
[Site "Drammen"]
[Date "2010.10.09"]
[Round "2"]
[Board "24"]
[White "Tømte, Asbjørn"]
[Black "Hammerstad, Åsmund"]
[Result "0-1"]
[WhiteElo "1763"]
[BlackElo "2171"]
[PlyCount "46"]
[EventDate "2010.??.??"]
[WhiteTeam "Drammen Tigers"]
[BlackTeam "Asker 1"]

1. d4 e6 2. e4 d5 3. Nc3 Bb4 4. e5 c5 5. Bd2 Ne7 6. Nb5 Bxd2+ 7. Qxd2 O-O 8. f4
Nf5 9. Nf3 a6 10. Na3 cxd4 11. O-O-O Nc6 12. g4 Ne3 13. Bd3 f6 14. Nxd4 Nxd1
15. Nxc6 bxc6 16. Rxd1 fxe5 17. fxe5 Rb8 18. Qg2 Qg5+ 19. Rd2 Qxe5 20. c3 Qe1+
21. Rd1 Qe3+ 22. Rd2 e5 23. Nc2 Qf4 0-1

[Event "NM for klubblag 2010"]
[Site "Drammen"]
[Date "2010.10.09"]
[Round "2"]
[Board "25"]
[White "Evensen, Tom R"]
[Black "Kostadinov, Kaloyan"]
[Result "0-1"]
[WhiteElo "2041"]
[BlackElo "2024"]
[PlyCount "80"]
[EventDate "2010.??.??"]
[WhiteTeam "Trondheim"]
[BlackTeam "Stjernen"]

1. d4 f5 2. g3 Nf6 3. Bg2 d5 4. Nf3 e6 5. c4 Be7 6. Nc3 O-O 7. O-O c6 8. Qd3
Nbd7 9. Ng5 Nb6 10. c5 Nc4 11. b3 Na5 12. f3 h6 13. Nh3 e5 14. dxe5 Nd7 15. b4
Nxe5 16. Qd1 Nac4 17. f4 Nf7 18. Nxd5 cxd5 19. Bxd5 Qc7 20. Bxc4 Bxc5+ 21. bxc5
Qxc5+ 22. Nf2 Qxc4 23. Bb2 Rd8 24. Qe1 Qc2 25. Nd3 Qc6 26. Rc1 Qb6+ 27. Kh1 Be6
28. Rf2 Bd5+ 29. Kg1 Rac8 30. Rxc8 Rxc8 31. Qa1 Qe3 32. Nb4 Be4 33. Qd1 Rd8 34.
Qc1 Rd2 35. Bc3 Rxe2 36. Qxe3 Rxe3 37. Bd2 Ra3 38. Re2 a5 39. Bc1 Rf3 40. Nc2
Rc3 0-1

[Event "NM for klubblag 2010"]
[Site "Drammen"]
[Date "2010.10.09"]
[Round "2"]
[Board "26"]
[White "Omtvedt, Per"]
[Black "Larsen, Martin Halsvik"]
[Result "1-0"]
[WhiteElo "1877"]
[BlackElo "1871"]
[PlyCount "89"]
[EventDate "2010.??.??"]
[WhiteTeam "Stjernen"]
[BlackTeam "Trondheim"]

1. e4 c5 2. Nf3 e6 3. c4 Nc6 4. d4 cxd4 5. Nxd4 Qh4 6. Nc3 Bb4 7. Qd3 Nf6 8.
Ndb5 O-O 9. a3 Bc5 10. Be3 Ne5 11. Qe2 Bxe3 12. Qxe3 b6 13. Be2 Ne8 14. O-O Bb7
15. Rad1 Qe7 16. Nxa7 f5 17. f4 Ng6 18. Nab5 fxe4 19. Nxe4 d5 20. Ng5 e5 21.
fxe5 Rxf1+ 22. Rxf1 Qxe5 23. Qxb6 Qe7 24. Qe6+ Qxe6 25. Nxe6 dxc4 26. Bxc4 Kh8
27. Ng5 h6 28. Nf7+ Kh7 29. Bd3 Nf6 30. Nbd6 Ba6 31. Bxg6+ Kxg6 32. Ne5+ Kh7
33. Re1 Nd5 34. Nec4 Rf8 35. b4 Rf4 36. Rc1 Rf8 37. b5 Bc8 38. a4 Nf4 39. Re1
Nd5 40. Re8 Rxe8 41. Nxe8 Nc3 42. Ned6 Bd7 43. b6 Bc6 44. a5 Nd5 45. b7 1-0

[Event "NM for klubblag 2010"]
[Site "Drammen"]
[Date "2010.10.09"]
[Round "2"]
[Board "27"]
[White "Langmyhr, Tore"]
[Black "Liabøtrø, Pål-Ole"]
[Result "0-1"]
[WhiteElo "1846"]
[BlackElo "1865"]
[PlyCount "80"]
[EventDate "2010.??.??"]
[WhiteTeam "Trondheim"]
[BlackTeam "Stjernen"]

1. c4 e6 2. Nc3 d5 3. e3 Nf6 4. Nf3 a6 5. d4 dxc4 6. Bxc4 c5 7. a3 b5 8. Bd3
cxd4 9. Nxd4 Bb7 10. O-O Nbd7 11. Qe2 Qb6 12. b4 Ne5 13. Rd1 Nxd3 14. Rxd3 e5
15. Nf5 g6 16. Ng3 Rd8 17. Rxd8+ Qxd8 18. Bb2 Bg7 19. Rd1 Qa8 20. f3 O-O 21. e4
Rd8 22. Nf1 Rxd1 23. Nxd1 Nd7 24. Nfe3 Nb6 25. Nc3 Qd8 26. g3 h5 27. h4 Qd7 28.
Kg2 Bh6 29. Ncd1 f6 30. Qc2 Kh7 31. Bc1 Qc6 32. Qxc6 Bxc6 33. Kf2 f5 34. exf5
gxf5 35. Ke2 Kg6 36. Bd2 f4 37. gxf4 exf4 38. Ng2 Kf5 39. Nf2 Nc4 40. Bc1 Bxf3+
0-1

[Event "NM for klubblag 2010"]
[Site "Drammen"]
[Date "2010.10.09"]
[Round "2"]
[Board "28"]
[White "Grebstad, Kjell Børre"]
[Black "Monsøy, Arild"]
[Result "0-1"]
[WhiteElo "1840"]
[BlackElo "1774"]
[PlyCount "80"]
[EventDate "2010.??.??"]
[WhiteTeam "Stjernen"]
[BlackTeam "Trondheim"]

1. d4 Nf6 2. c4 d6 3. Nc3 Nc6 4. Nf3 g6 5. d5 Nb8 6. e4 Bg7 7. h3 O-O 8. Bd3 e5
9. O-O Nh5 10. Bg5 f6 11. Be3 Nf4 12. c5 Nxd3 13. Qxd3 f5 14. cxd6 cxd6 15. Nb5
fxe4 16. Qxe4 a6 17. Nc3 Nd7 18. Qb4 Nc5 19. Bxc5 dxc5 20. Qe4 Bf5 21. Qe3 e4
22. Nd2 Bd4 23. Qe2 b5 24. g4 b4 25. Nd1 Bd7 26. Qxe4 Bb5 27. Nb3 Re8 28. Qf3
Bxf1 29. Nxd4 Re1 30. Kh2 cxd4 31. Qb3 Qd6+ 32. Qg3 Qxg3+ 33. Kxg3 Be2 34. Rc1
Rxd1 35. Rc5 Rd8 36. Kf4 Rd2 37. Ke4 d3 38. f4 Rxb2 39. f5 gxf5+ 40. gxf5 d2
0-1

[Event "NM for klubblag 2010"]
[Site "Drammen"]
[Date "2010.10.09"]
[Round "2"]
[Board "30"]
[White "Sahl, Sheila Barth"]
[Black "Briseid, Håkon"]
[Result "0-1"]
[WhiteElo "2159"]
[BlackElo "2097"]
[PlyCount "109"]
[EventDate "2010.??.??"]
[WhiteTeam "Black Knights 1"]
[BlackTeam "Akademisk 1"]

1. e4 e5 2. Nf3 Nc6 3. Bb5 a6 4. Ba4 Nf6 5. Qe2 b5 6. Bb3 Be7 7. O-O O-O 8. Rd1
d6 9. c3 Na5 10. Bc2 c5 11. d3 Nc6 12. Nbd2 Nh5 13. Nf1 Nf4 14. Bxf4 exf4 15.
d4 cxd4 16. cxd4 Bg4 17. e5 Qb6 18. Qe4 g6 19. Qxf4 Bxf3 20. gxf3 Rad8 21. Qe4
dxe5 22. dxe5 Nd4 23. Bb3 Kh8 24. Rd3 Bc5 25. Rad1 Nxb3 26. axb3 Bxf2+ 27. Kg2
Bc5 28. Qh4 Rxd3 29. Rxd3 Qe6 30. Qe4 Re8 31. Ng3 Qxe5 32. Qxe5+ Rxe5 33. Rd8+
Kg7 34. Ra8 Re6 35. Ne4 Bd4 36. Kg3 Bxb2 37. Ng5 Rd6 38. Ne4 Re6 39. Kg4 Rc6
40. Ra7 Re6 41. Ng5 Rf6 42. Ne4 Rc6 43. f4 h6 44. Kf3 Kf8 45. f5 gxf5 46. Ng3
Rc3+ 47. Kf4 Bc1+ 48. Kxf5 Rxb3 49. Rxa6 Rb2 50. Rb6 b4 51. Ne4 b3 52. h4 Kg7
53. Ke5 Be3 54. Rb7 Kg6 55. Nc3 0-1

[Event "NM for klubblag 2010"]
[Site "Drammen"]
[Date "2010.10.09"]
[Round "2"]
[Board "31"]
[White "Dulman, Egmond-Gabriel"]
[Black "Myrstad, Odd Magnus"]
[Result "1-0"]
[WhiteElo "2004"]
[BlackElo "2024"]
[PlyCount "49"]
[EventDate "2010.??.??"]
[WhiteTeam "Akademisk 1"]
[BlackTeam "Black Knights 1"]

1. d4 d5 2. c4 dxc4 3. Nf3 Nf6 4. Nc3 a6 5. a4 Bf5 6. e3 e6 7. Bxc4 Nc6 8. O-O
Nb4 9. Qe2 Ne4 10. Ne5 Bd6 11. f4 h5 12. Nxe4 Bxe4 13. Bd2 h4 14. f5 h3 15.
fxe6 hxg2 16. exf7+ Kf8 17. Rf4 Bxe5 18. dxe5 Nc2 19. Rxe4 g5 20. Rc1 Qd7 21.
e6 Qd6 22. e7+ Kg7 23. Bc3+ Kg6 24. Bxh8 Rxh8 25. Re6+ 1-0

[Event "NM for klubblag 2010"]
[Site "Drammen"]
[Date "2010.10.09"]
[Round "2"]
[Board "32"]
[White "Flaata, Alexander R"]
[Black "Fredriksen, Jan Gunnar"]
[Result "1-0"]
[WhiteElo "2003"]
[BlackElo "1746"]
[PlyCount "79"]
[EventDate "2010.??.??"]
[WhiteTeam "Black Knights 1"]
[BlackTeam "Akademisk 1"]

1. e4 e5 2. f4 exf4 3. Nf3 d5 4. exd5 Bd6 5. d4 c6 6. dxc6 Nxc6 7. Bc4 Qe7+ 8.
Qe2 Bg4 9. c3 Bxf3 10. gxf3 Qxe2+ 11. Kxe2 Nf6 12. Kf2 O-O 13. a4 Rac8 14. Ba2
a6 15. b4 Bxb4 16. Bxf4 Bxc3 17. Nxc3 Nb4 18. Ne2 Rfe8 19. Rhd1 Rc2 20. Rd2
Nd3+ 21. Kf1 Rxe2 22. Rxe2 Rxe2 23. Kxe2 Nxf4+ 24. Ke3 g5 25. Rg1 h6 26. h4 Nh7
27. d5 Kf8 28. d6 Ke8 29. hxg5 hxg5 30. Rb1 b5 31. axb5 axb5 32. Rxb5 Nf8 33.
Rxg5 N4e6 34. Bxe6 fxe6 35. Rg7 Kd8 36. Ke4 Ke8 37. Rg8 Kf7 38. Rxf8+ Kxf8 39.
Ke5 Kf7 40. f4 1-0

[Event "NM for klubblag 2010"]
[Site "Drammen"]
[Date "2010.10.09"]
[Round "2"]
[Board "33"]
[White "Persson, Mats"]
[Black "Nilsen, Helmer"]
[Result "1-0"]
[WhiteElo "2184"]
[BlackElo "1152"]
[PlyCount "57"]
[WhiteTeam "OSS 2"]
[BlackTeam "Konnerud"]

1. e4 c5 2. Nf3 Nc6 3. d4 cxd4 4. Nxd4 g6 5. Nc3 Bg7 6. Be3 a6 7. Bc4 e6 8. Qd2
Nge7 9. O-O Nxd4 10. Bxd4 Bxd4 11. Qxd4 O-O 12. a4 Nc6 13. Qe3 Qc7 14. Rad1 Ne5
15. Be2 Nc4 16. Qd4 Ne5 17. f4 Nc6 18. Qe3 d6 19. f5 exf5 20. exf5 Bxf5 21.
Rxf5 gxf5 22. Qg5+ Kh8 23. Qf6+ Kg8 24. Rd3 Ne5 25. Nd5 Qc5+ 26. Kf1 Rae8 27.
Qg5+ Ng6 28. Nf6+ Kg7 29. Rh3 1-0

[Event "NM for klubblag 2010"]
[Site "Drammen"]
[Date "2010.10.09"]
[Round "2"]
[Board "34"]
[White "Flemsæter, Egil"]
[Black "Valla, Martin"]
[Result "0-1"]
[WhiteElo "1183"]
[BlackElo "2030"]
[PlyCount "84"]
[WhiteTeam "Konnerud"]
[BlackTeam "OSS 2"]

1. e4 c6 2. d4 d5 3. Nc3 dxe4 4. Nxe4 Bf5 5. Ng3 Bg6 6. Nf3 Nd7 7. Be3 e6 8. c3
Ngf6 9. Be2 Bd6 10. O-O O-O 11. Qd2 Qc7 12. h3 Bxg3 13. fxg3 Ne4 14. Qc1 Nxg3
15. Re1 Nxe2+ 16. Rxe2 Bh5 17. Rf2 Bxf3 18. Rxf3 f6 19. Qd2 e5 20. d5 Qd6 21.
Rd1 Nb6 22. Bxb6 axb6 23. a3 e4 24. Re3 f5 25. dxc6 Qxd2 26. Rxd2 bxc6 27. Rd6
Rac8 28. Rd7 Rcd8 29. Rxd8 Rxd8 30. Re2 Kf7 31. Kf2 Rd3 32. Re3 Rd2+ 33. Re2
Rxe2+ 34. Kxe2 Ke6 35. Ke3 Ke5 36. g3 g5 37. c4 f4+ 38. gxf4+ gxf4+ 39. Ke2 Kd4
40. b3 f3+ 41. Ke1 e3 42. c5 Kxc5 0-1

[Event "NM for klubblag 2010"]
[Site "Drammen"]
[Date "2010.10.09"]
[Round "2"]
[Board "35"]
[White "Mihajlov, Svetoslav"]
[Black "Løvaas, Roger"]
[Result "1-0"]
[WhiteElo "2006"]
[BlackElo "1158"]
[PlyCount "105"]
[WhiteTeam "OSS 2"]
[BlackTeam "Konnerud"]

1. e4 e5 2. Nf3 Nc6 3. Bb5 d6 4. d4 exd4 5. Nxd4 Bd7 6. Bxc6 Bxc6 7. Nxc6 bxc6
8. c4 Nf6 9. O-O Be7 10. Nc3 O-O 11. Qa4 Qd7 12. Bg5 h6 13. Bxf6 Bxf6 14. Nd5
Bxb2 15. Rab1 Rab8 16. Qxc6 Qxc6 17. Ne7+ Kh8 18. Nxc6 Rb6 19. Nxa7 Ra8 20. Nb5
Rxa2 21. Rfd1 Be5 22. Nxc7 Rc6 23. Nb5 Rxc4 24. Nxd6 Bxd6 25. Rxd6 Rxe4 26. Rd7
Kg8 27. g3 Re8 28. Rbb7 Rf8 29. h4 Ra5 30. Kg2 g5 31. Rd4 h5 32. hxg5 Rxg5 33.
Kh3 Kg7 34. Rf4 Kg6 35. Kh4 f6 36. Rc4 Rf7 37. Rb8 Kf5 38. Rh8 Rg4+ 39. Rxg4
hxg4 40. Rh5+ Kg6 41. Kxg4 Rd7 42. Ra5 Rd4+ 43. f4 Rc4 44. Kh4 Re4 45. Ra1 Re2
46. g4 f5 47. Ra6+ Kf7 48. g5 Re4 49. Rf6+ Kg7 50. Rxf5 Kg6 51. Rf6+ Kg7 52.
Kg4 Rc4 53. Kh5 1-0

[Event "NM for klubblag 2010"]
[Site "Drammen"]
[Date "2010.10.09"]
[Round "2"]
[Board "36"]
[White "Auke, Morthen"]
[Black "Svensen, Tarjei Joten"]
[Result "0-1"]
[WhiteElo "1056"]
[BlackElo "1946"]
[PlyCount "62"]
[WhiteTeam "Konnerud"]
[BlackTeam "OSS 2"]

1. d4 e6 2. c4 Nf6 3. Nc3 Bb4 4. Bd2 b6 5. Nf3 Bb7 6. e3 O-O 7. Bd3 d5 8. O-O
Nbd7 9. a3 Bxc3 10. Bxc3 Ne4 11. Qc2 f5 12. b3 Qe8 13. Be2 Qg6 14. Nh4 Qf6 15.
g3 c5 16. Bb2 cxd4 17. exd4 Rac8 18. Nf3 Qh6 19. Nh4 dxc4 20. bxc4 f4 21. Bc1
Ng5 22. f3 Nh3+ 23. Kg2 g5 24. Kxh3 gxh4 25. Bxf4 Qf6 26. Bd3 Rf7 27. Qd2 e5
28. Bg5 Qe6+ 29. g4 Bxf3 30. Bf5 Rxf5 31. gxf5 Qxf5+ 0-1

[Event "NM for klubblag 2010"]
[Site "Drammen"]
[Date "2010.10.09"]
[Round "2"]
[Board "37"]
[White "Daskevics, Vadims"]
[Black "Førrisdahl, Ole Kr"]
[Result "1-0"]
[WhiteElo "2379"]
[BlackElo "1736"]
[PlyCount "71"]
[WhiteTeam "Stavanger 1"]
[BlackTeam "Sarpsborg"]

1. Nf3 Nf6 2. c4 c5 3. Nc3 Nc6 4. g3 g6 5. Bg2 Bg7 6. d4 cxd4 7. Nxd4 O-O 8.
O-O Qb6 9. Nc2 d6 10. b3 a6 11. h3 Be6 12. e4 Nh5 13. Nd5 Bxd5 14. exd5 Bxa1
15. dxc6 Bg7 16. cxb7 Rab8 17. Be3 Qc7 18. Qf3 Nf6 19. Nb4 d5 20. Nxa6 Qxb7 21.
Nxb8 Rxb8 22. cxd5 Qa6 23. Qf4 Re8 24. a4 e5 25. Qc4 Qd6 26. Qc6 Qb4 27. Bg5
Qe7 28. Rd1 h6 29. d6 Qd7 30. Bxf6 Qe6 31. d7 Ra8 32. Qxe6 fxe6 33. Bxg7 Ra7
34. Bxe5 Rc7 35. d8=Q+ Kh7 36. Qh8# 1-0

[Event "NM for klubblag 2010"]
[Site "Drammen"]
[Date "2010.10.09"]
[Round "2"]
[Board "38"]
[White "Hamre, Kenneth"]
[Black "Løvik, Lasse Østebø"]
[Result "1-0"]
[WhiteElo "1810"]
[BlackElo "2317"]
[PlyCount "53"]
[WhiteTeam "Sarpsborg"]
[BlackTeam "Stavanger 1"]

1. Nf3 c5 2. c4 g6 3. g3 Bg7 4. Bg2 Nc6 5. Nc3 Nh6 6. d3 d6 7. Bd2 O-O 8. O-O
Nf5 9. Rb1 e6 10. a3 d5 11. b4 dxc4 12. dxc4 Qe7 13. Ne4 cxb4 14. axb4 Rd8 15.
b5 Ne5 16. Nxe5 Bxe5 17. e3 a6 18. Qb3 axb5 19. cxb5 Rd5 20. Rfc1 Qd8 21. Bc3
Bg7 22. Bxg7 Kxg7 23. Nc5 Rd2 24. Rb2 f6 25. Bxb7 Rxb2 26. Qxb2 Bxb7 27. Nxe6+
1-0

[Event "NM for klubblag 2010"]
[Site "Drammen"]
[Date "2010.10.09"]
[Round "2"]
[Board "39"]
[White "Tofte, Sondre Waage"]
[Black "Fjellengen, Bård"]
[Result "1-0"]
[WhiteElo "2229"]
[BlackElo "1789"]
[PlyCount "41"]
[WhiteTeam "Stavanger 1"]
[BlackTeam "Sarpsborg"]

1. e4 c5 2. Nf3 Nc6 3. d4 cxd4 4. Nxd4 e6 5. Be3 Nf6 6. Bd3 Be7 7. Nc3 d6 8. f4
Nxd4 9. Bxd4 O-O 10. Qf3 e5 11. fxe5 dxe5 12. Bxe5 Ng4 13. Bf4 Bf6 14. O-O Qb6+
15. Kh1 Qc5 16. Nd5 Be5 17. h3 Bxf4 18. Qxf4 Nh6 19. b4 Qd4 20. Nc7 Rb8 21. Nb5
1-0

[Event "NM for klubblag 2010"]
[Site "Drammen"]
[Date "2010.10.09"]
[Round "2"]
[Board "40"]
[White "Andersen, Dag"]
[Black "Strand, Håkon"]
[Result "0-1"]
[WhiteElo "1717"]
[BlackElo "2099"]
[PlyCount "88"]
[WhiteTeam "Sarpsborg"]
[BlackTeam "Stavanger 1"]

1. d4 Nf6 2. Nf3 e6 3. Bg5 d5 4. e3 Be7 5. Nbd2 O-O 6. Bd3 Nbd7 7. O-O b6 8. c3
Bb7 9. Qe2 Ne4 10. Bxe7 Qxe7 11. Rfc1 c5 12. c4 Nxd2 13. Nxd2 cxd4 14. exd4 Qf6
15. Nb3 dxc4 16. Rxc4 Qg5 17. f3 Ba6 18. Rc2 Bxd3 19. Qxd3 Nf6 20. Nd2 Nd5 21.
Ne4 Qe7 22. a3 Rfd8 23. Nc3 Rd7 24. Re1 Rad8 25. Rd2 Nxc3 26. Qxc3 Qf6 27. Red1
g6 28. b4 Qf4 29. g3 Qf5 30. Kg2 Rd5 31. Re1 Qf6 32. Re4 R8d7 33. Kf2 Qd8 34.
Qe3 Qc8 35. Rh4 e5 36. Qh6 f6 37. Qe3 Qd8 38. Qb3 Kh8 39. f4 Rxd4 40. Rxd4 Rxd4
41. fxe5 Rd2+ 42. Kg1 Qa8 43. Rxh7+ Kxh7 44. Qf7+ Kh6 0-1

[Event "NM for klubblag 2010"]
[Site "Drammen"]
[Date "2010.10.09"]
[Round "2"]
[Board "41"]
[White "Thanke, Bror"]
[Black "Clausen, Tormod"]
[Result "1-0"]
[WhiteElo "2088"]
[BlackElo "1653"]
[PlyCount "54"]
[WhiteTeam "Nordstrand 1"]
[BlackTeam "OSS 3"]

1. e4 c5 2. Nf3 d6 3. d4 cxd4 4. Nxd4 Nf6 5. Nc3 g6 6. Bc4 Bg7 7. Bb3 Nbd7 8.
f3 a6 9. Be3 b5 10. a4 b4 11. Nd5 a5 12. Nc6 Nxd5 13. Nxd8 Nxe3 14. Qe2 Kxd8
15. Qxe3 Bxb2 16. O-O Bxa1 17. Rxa1 e6 18. Qd4 Rf8 19. Qxd6 Ra6 20. Qd4 Ke7 21.
Rd1 Rd8 22. f4 f6 23. Bc4 Rc6 24. f5 e5 25. Qd5 Rxc4 26. Qxc4 gxf5 27. exf5 Nf8
1-0

[Event "NM for klubblag 2010"]
[Site "Drammen"]
[Date "2010.10.09"]
[Round "2"]
[Board "42"]
[White "Jensen, Torben Winther"]
[Black "Sørgjerd, Jan"]
[Result "0-1"]
[WhiteElo "1388"]
[BlackElo "1983"]
[PlyCount "56"]
[WhiteTeam "OSS 3"]
[BlackTeam "Nordstrand 1"]

1. e4 c5 2. Nf3 d6 3. d4 cxd4 4. Nxd4 Nf6 5. Nc3 a6 6. Be2 e6 7. Be3 Be7 8. Qd2
Qc7 9. Rd1 Nc6 10. Nb3 O-O 11. O-O b5 12. Bf3 Bb7 13. Rfe1 Ne5 14. Qe2 Rac8 15.
a3 Nc4 16. Bc1 Nxa3 17. Nd5 exd5 18. exd5 Nxc2 19. Qxe7 Nxe1 20. Qxe1 Rfe8 21.
Qb4 Bxd5 22. Bxd5 Nxd5 23. Qg4 Nf6 24. Qg3 Qc2 25. Rf1 Rc4 26. h3 d5 27. Nd2
Ne4 28. Re1 Qxc1 0-1

[Event "NM for klubblag 2010"]
[Site "Drammen"]
[Date "2010.10.09"]
[Round "2"]
[Board "45"]
[White "Steinkellner, Rudolf"]
[Black "Dahl, Ivar M"]
[Result "0-1"]
[WhiteElo "1433"]
[BlackElo "2024"]
[PlyCount "130"]
[WhiteTeam "Kirkegata"]
[BlackTeam "Bærum"]

1. e4 e6 2. b3 d5 3. d3 dxe4 4. dxe4 Qxd1+ 5. Kxd1 Nf6 6. Bd3 Bc5 7. Ke2 Nc6 8.
c3 O-O 9. Ba3 Bxa3 10. Nxa3 a6 11. f3 e5 12. Ke3 Be6 13. Rd1 Rad8 14. Ne2 b5
15. Nb1 Rd6 16. Bc2 Rfd8 17. Rxd6 Rxd6 18. Rd1 Rxd1 19. Bxd1 Kf8 20. Nd2 Ke7
21. Nc1 Ne8 22. Ne2 Nd6 23. Nc1 f6 24. Ne2 a5 25. Nc1 b4 26. c4 Nb7 27. Ne2 Nc5
28. Nc1 Bf7 29. Nd3 Kd6 30. Nxc5 Kxc5 31. Kd3 Nd4 32. Nf1 Be6 33. Ne3 Bd7 34.
Nd5 c6 35. Ne3 Ne6 36. g3 Nd4 37. Nc2 Ne6 38. Ne3 Nf8 39. Be2 Be6 40. Bd1 Kd6
41. Nc2 Nd7 42. Ke3 Nc5 43. Ne1 Bf7 44. Nd3 Ne6 45. Ne1 g5 46. g4 h5 47. Ng2
Nf4 48. Nxf4 exf4+ 49. Kd3 hxg4 50. fxg4 c5 51. h3 Ke5 52. Bf3 Be8 53. Bd1 Bc6
54. Bf3 a4 55. Bg2 a3 56. Bf3 Be8 57. Bg2 Bg6 58. Bf3 Bh7 59. Bg2 f3 60. Bxf3
Kf4 61. Bg2 Kg3 62. Bf1 Kf3 63. Be2+ Kf4 64. Kd2 Bxe4 65. Bd3 Bg2 0-1

[Event "NM for klubblag 2010"]
[Site "Drammen"]
[Date "2010.10.09"]
[Round "2"]
[Board "46"]
[White "Rambø, Jan-Bjarne"]
[Black "Gruben, Tronn"]
[Result "1-0"]
[WhiteElo "1612"]
[BlackElo "1387"]
[PlyCount "91"]
[WhiteTeam "Bærum"]
[BlackTeam "Kirkegata"]

1. c4 Nf6 2. Nc3 e5 3. Nf3 Nc6 4. e4 Bc5 5. Nxe5 d6 6. Nxc6 bxc6 7. d4 Bb4 8.
Bd3 O-O 9. O-O Bxc3 10. bxc3 Re8 11. Qc2 Qe7 12. Bg5 h6 13. Bh4 g5 14. Bg3 Nh5
15. Rae1 Nxg3 16. hxg3 f6 17. f4 Qg7 18. Re3 g4 19. Qa4 Bd7 20. Qa5 Bc8 21. c5
d5 22. e5 f5 23. Qa4 Bd7 24. Rfe1 Qf7 25. e6 Bxe6 26. Qxc6 Bd7 27. Qxc7 Rxe3
28. Rxe3 Re8 29. Rxe8+ Qxe8 30. Qe5 Qf7 31. c6 Bxc6 32. Bxf5 Bd7 33. Bc2 Be6
34. Ba4 Bf5 35. Bc6 Be6 36. Qb8+ Kg7 37. Qb7 Kf8 38. Qxf7+ Bxf7 39. Kf2 Ke7 40.
Ke3 Kd6 41. Bb5 Be6 42. Bd3 Bf7 43. f5 Ke7 44. Kf4 h5 45. Ke5 Bg8 46. Bb5 1-0

[Event "NM for klubblag 2010"]
[Site "Drammen"]
[Date "2010.10.09"]
[Round "2"]
[Board "49"]
[White "Persen, Ole Morten"]
[Black "Ugland, Torge"]
[Result "0-1"]
[WhiteElo "1590"]
[BlackElo "1409"]
[PlyCount "66"]
[WhiteTeam "Modum"]
[BlackTeam "Drammens 2"]

1. d4 d5 2. c4 e6 3. Nc3 Nf6 4. cxd5 exd5 5. Bg5 c6 6. e3 Nbd7 7. Qc2 Qa5 8.
Bd3 h6 9. Bh4 g5 10. Bg3 Nh5 11. Nge2 Nxg3 12. Nxg3 Nf6 13. O-O Be6 14. a3 Qd8
15. Rfe1 Bd6 16. e4 Bxg3 17. hxg3 dxe4 18. Nxe4 Nxe4 19. Rxe4 O-O 20. Qc5 Qf6
21. Re5 Rfd8 22. Rae1 Rd7 23. Bc4 Bxc4 24. Re8+ Rxe8 25. Rxe8+ Kh7 26. Qxc4
Rxd4 27. Qc2+ Kg7 28. Qc5 Rd6 29. Qxa7 Qxb2 30. Re7 Qf6 31. Rxb7 Rd5 32. Rc7 g4
33. f4 Qa1+ 0-1